000 00704nam a2200241 a 4500
999 _c11044
_d11044
001 11044
003 BD-JhCC
005 20190728090615.0
008 190627b20092012bg |||| ||a| 001 0 ben d
020 _a984700930622
035 _a(BD-JhCC)11044
040 _aBD-JhCC
_dBD-JhCC
041 _aben
082 _a954.92
_bSRI 2012
245 _aস্মৃতির ঢাকা /
_cসম্পাদনায় কাজল ঘোষ ।
260 _aঢাকাঃ
_bনালন্দা;
_c২০১২.
300 _a৩৯৮ পৃঃ . :
_c২২ সেমি.
650 _zDhaka
650 _zBangladesh
700 _aঘোষ, কাজল
942 _2ddc
_cBK